Statistics for Demographics of Perth 2021 - People born overseas by region

Click here to take the quiz!

General Stats

  • This quiz has been taken 13 times
  • The average score is 8 of 8

Answer Stats

Answer% Correct
China
100%
India
100%
Malaysia
100%
New Zealand
100%
United Kingdom
100%
Vietnam
100%
South Africa
82%
Philippines
73%

Score Distribution

Percentile by Number Answered

Percent of People with Each Score

Your Score History

You have not taken this quiz